000 00313nam a2200133 i 4500
001 bg
100 1 _aMIGDAŁ, A. B.
245 0 _aKaćestvennye metody w kvantowoj teorii /
_cA.B. Migdał.
260 _aMoskwa,
_c1975.
040 _cBPK
041 _apol
942 _cKS
008 s pl f |000 0 pol
999 _c469
_d469
856 _uhttp://koha.tu.koszalin.pl/cgi-bin/koha/opac-detail.pl?biblionumber=469
_yKatalog online BPK